Anglický jazyk pro filology 1

Gespeichert in:
Bibliographische Detailangaben
1. Verfasser: Peprník, Jaroslav
Format: Buch
Sprache:Tschechisch
Veröffentlicht: Praha Academia 1990
Ausgabe:3. vyd.
Schriftenreihe:Učebnice pro vysoké školy
Tags: Tag hinzufügen
Keine Tags, Fügen Sie das erste Tag hinzu!

MARC

LEADER 00000nam a2200000 4500
001 c039826
005 20221215115721.1
041 0 |a cze 
044 |a CZ 
245 1 0 |a Anglický jazyk pro filology 1  |c Jaroslav Peprník 
250 |a 3. vyd. 
264 1 |a Praha  |b Academia  |c 1990 
300 |a 431 s. 
490 1 |a Učebnice pro vysoké školy 
830 0 |a Učebnice pro vysoké školy 
100 1 |a Peprník, Jaroslav